Statistics for Largest countries closer to the North Pole than the Equator

Click here to take the quiz!

General Stats

  • This quiz has been taken 74 times
    (39 since last reset)
  • The average score is 9 of 10

Answer Stats

Population North of 45°NCountry% Correct
131.2 millionRussia
100%
83.1 millionGermany
100%
67.7 millionUK
100%
49.1 millionFrance
100%
23.6 millionCanada
97%
42.0 millionUkraine
95%
38.4 millionPoland
92%
48.9 millionChina
81%
17.4 millionNetherlands
81%
20.7 millionItaly
76%

Score Distribution

Percentile by Number Answered

Percent of People with Each Score

Your Score History

You have not taken this quiz since the last reset